10 Najwartościowszych Walijczyków - Statystyki

Ogólne statystyki
  • Ten quiz został rozwiązany 63 razy
  • Średni wynik to 3 z 10
Statystyki odpowiedzi
Wartość Piłkarz % Poprawnych
32 mln Bale
100%
28 mln Ramsey
78%
22,5 mln James
43%
9 mln Ampadu
17%
17,5 mln Davies
16%
17,5 mln Wilson
16%
6,5 mln Ward
12%
24 mln Brooks
10%
8 mln Matondo
5%
8 mln Mepham
5%
Nie znaleziono quizów pasujących do podanych kryteriów
Rozkład punktacji
Procent ludzi z każdym wynikiem
Percentyl według liczby udzielonych odpowiedzi
Twoja historia wyników
Nie rozwiązałeś tego quizu